Teatro español. (Record no. 178594)
[ view plain ]
| 000 -LEADER | |
|---|---|
| campo de control de longitud fija | 01454nam a22003375i 4500 |
| 001 - NÚMERO DE CONTROL | |
| campo de control | 178594 |
| 003 - IDENTIFICADOR DE NÚMERO DE CONTROL | |
| campo de control | ES-MaACL |
| 005 - FECHA Y HORA DE LA ÚLTIMA TRANSACCIÓN | |
| campo de control | 20231229062555.0 |
| 008 - DATOS DE LONGITUD FIJA--INFORMACIÓN GENERAL | |
| campo de control de longitud fija | 110608s1970 sp o |||| | spa d |
| 080 ## - NÚMERO DE LA CLASIFICACIÓN DECIMAL UNIVERSAL | |
| Número de la Clasificación Decimal Universal | 821.134.2-2"19" |
| 245 00 - MENCIÓN DEL TÍTULO | |
| Título | Teatro español. |
| Nombre de parte o sección de la obra | 1968-1969 / |
| Mención de responsabilidad, etc. | prólogo, notas y apéndice por Federico Carlos Sainz de Robles. |
| 260 ## - PUBLICACIÓN, DISTRIBUCIÓN, ETC. | |
| Lugar de publicación, distribución, etc. | Madrid : |
| Nombre del editor, distribuidor, etc. | Aguilar, |
| Fecha de publicación, distribución, etc. | imp. 1970. |
| 300 ## - DESCRIPCIÓN FÍSICA | |
| Extensión | XXXVI, 402, [10] p. de fot. bl. y n. ; |
| Dimensiones | 21 cm. |
| 490 1# - MENCIÓN DE SERIE | |
| Mención de serie | Colección literaria. Novelistas, dramaturgos, ensayistas, poetas |
| 505 80 - NOTA DE CONTENIDO CON FORMATO | |
| Nota de contenido con formato | Contiene: English spoken / Lauro Olmo. El inocente / Joaquín Calvo-Sotelo. Estado civil : Marta / Juan José Alonso Millán. Los delfines / Jaime Salom. Historia de un adulterio / Víctor Ruiz Iriarte |
| 650 #4 - PUNTO DE ACCESO ADICIONAL DE MATERIA--TÉRMINO DE MATERIA | |
| Término de materia o nombre geográfico como elemento de entrada | Teatro español- |
| Subdivisión cronológica | S.XX. |
| 9 (RLIN) | 17356 |
| 700 1# - ENTRADA AGREGADA--NOMBRE PERSONAL | |
| Nombre de persona | Sainz de Robles, Federico Carlos, |
| Fechas asociadas al nombre | 1898-1982 |
| 9 (RLIN) | 101593 |
| 700 1# - ENTRADA AGREGADA--NOMBRE PERSONAL | |
| Nombre de persona | Olmo, Lauro, |
| Fechas asociadas al nombre | 1922-1994 |
| 9 (RLIN) | 86974 |
| 700 1# - ENTRADA AGREGADA--NOMBRE PERSONAL | |
| Nombre de persona | Calvo-Sotelo, Joaquín, |
| Fechas asociadas al nombre | 1905-1993 |
| 9 (RLIN) | 33913 |
| 700 1# - ENTRADA AGREGADA--NOMBRE PERSONAL | |
| Nombre de persona | Alonso Millán, Juan José. |
| 9 (RLIN) | 20361 |
| 700 0# - ENTRADA AGREGADA--NOMBRE PERSONAL | |
| Nombre de persona | Salom, Jaime. |
| 9 (RLIN) | 102009 |
| 700 1# - ENTRADA AGREGADA--NOMBRE PERSONAL | |
| Nombre de persona | Ruiz Iriarte, Víctor, |
| Fechas asociadas al nombre | 1912-1982 |
| 9 (RLIN) | 100836 |
| 740 02 - ENTRADA AGREGADA--TÍTULO RELACIONADO/ANALÍTICO NO CONTROLADO | |
| Título relacionado o analítico no controlado | English spoken. |
| 740 32 - ENTRADA AGREGADA--TÍTULO RELACIONADO/ANALÍTICO NO CONTROLADO | |
| Título relacionado o analítico no controlado | El inocente. |
| 740 02 - ENTRADA AGREGADA--TÍTULO RELACIONADO/ANALÍTICO NO CONTROLADO | |
| Título relacionado o analítico no controlado | Estado civil : Marta. |
| 740 42 - ENTRADA AGREGADA--TÍTULO RELACIONADO/ANALÍTICO NO CONTROLADO | |
| Título relacionado o analítico no controlado | Los delfines. |
| 740 02 - ENTRADA AGREGADA--TÍTULO RELACIONADO/ANALÍTICO NO CONTROLADO | |
| Título relacionado o analítico no controlado | Historia de un adulterio. |
| 830 0# - PUNTO DE ACCESO ADICIONAL DE SERIE-TÍTULO UNIFORME | |
| Título uniforme | Colección literaria. Novelistas, dramaturgos, ensayistas, poetas |
| 9 (RLIN) | 183856 |
| 852 ## - LOCALIZACIÓN | |
| Ubicación | ES-MaACL |
| Número de control de estantería | E-15352 |
| Encuadernación | Olim P-83 |
| Estatus retirado | Estado de pérdida | Estado de daño | No para préstamo | Biblioteca de origen | Biblioteca actual | Ubicación en estantería | Fecha de adquisición | Fuente de adquisición | Total de préstamos | Signatura topográfica completa | Código de barras | Visto por última vez | Precio de reemplazo | Tipo de ítem Koha |
|---|---|---|---|---|---|---|---|---|---|---|---|---|---|---|
| Biblioteca del Ateneo de Madrid | Biblioteca del Ateneo de Madrid | Depósito 2 | 08/06/2011 | E-15352 | 1187604 | 23/02/2023 | 23/02/2023 | Libro impreso |
